Homenaje a V. Gordon Childe / (Record no. 177875)

MARC details
000 -LEADER
campo de control de longitud fija 01141nam a2200289 i 4500
001 - NÚMERO DE CONTROL
campo de control 177875
003 - IDENTIFICADOR DE NÚMERO DE CONTROL
campo de control ES-MaACL
005 - FECHA Y HORA DE LA ÚLTIMA TRANSACCIÓN
campo de control 20251220171940.0
008 - DATOS DE LONGITUD FIJA--INFORMACIÓN GENERAL
campo de control de longitud fija 110504s1959 mx |||| |dspa d
080 ## - NÚMERO DE LA CLASIFICACIÓN DECIMAL UNIVERSAL
Número de la Clasificación Decimal Universal 902/903 Childe, V. Gordon
080 ## - NÚMERO DE LA CLASIFICACIÓN DECIMAL UNIVERSAL
Número de la Clasificación Decimal Universal 572
245 00 - MENCIÓN DEL TÍTULO
Título Homenaje a V. Gordon Childe /
Mención de responsabilidad, etc. [V. Gordon Childe, Pedro Bosch-Gimpera, Eli de Gortari ... et al.].
260 ## - PUBLICACIÓN, DISTRIBUCIÓN, ETC.
Lugar de publicación, distribución, etc. México :
Nombre del editor, distribuidor, etc. Universidad Nacional de México,
Fecha de publicación, distribución, etc. 1959.
300 ## - DESCRIPCIÓN FÍSICA
Extensión p. 297-351 ;
Dimensiones 21 cm.
490 1# - MENCIÓN DE SERIE
Mención de serie Seminario de Problemas Científicos y Filosóficos. Suplementos ;
Designación de volumen o secuencia 2ª serie ;
-- 17
504 ## - NOTA DE BIBLIOGRAFÍA, ETC.
Nota de bibliografía, etc. Bibliografía: p. 343-351.
600 14 - PUNTO DE ACCESO ADICIONAL DE MATERIA--NOMBRE DE PERSONA
Nombre de persona Childe, V. Gordon.
9 (RLIN) 38514
650 #7 - PUNTO DE ACCESO ADICIONAL DE MATERIA--TÉRMINO DE MATERIA
Término de materia o nombre geográfico como elemento de entrada Arqueología
Fuente del encabezamiento o término embne
9 (RLIN) 9975
650 #7 - PUNTO DE ACCESO ADICIONAL DE MATERIA--TÉRMINO DE MATERIA
Término de materia o nombre geográfico como elemento de entrada Antropología cultural y social
Fuente del encabezamiento o término embne
9 (RLIN) 9867
700 1# - ENTRADA AGREGADA--NOMBRE PERSONAL
Nombre de persona Childe, V. Gordon.
9 (RLIN) 38514
700 1# - ENTRADA AGREGADA--NOMBRE PERSONAL
Nombre de persona Bosch Gimpera, Pedro.
9 (RLIN) 30657
700 1# - ENTRADA AGREGADA--NOMBRE PERSONAL
Nombre de persona Gortari, Eli de.
9 (RLIN) 59231
710 2# - ENTRADA AGREGADA--NOMBRE DE ENTIDAD CORPORATIVA
Nombre de entidad corporativa o nombre de jurisdicción como elemento de entrada Universidad Nacional Autónoma de México.
9 (RLIN) 7397
830 0# - PUNTO DE ACCESO ADICIONAL DE SERIE-TÍTULO UNIFORME
Título uniforme Seminario de Problemas Científicos y Filosóficos. Suplementos
Designación de volumen o secuencia 2ª serie ;
-- 17
9 (RLIN) 190619
852 ## - LOCALIZACIÓN
Ubicación ES-MaACL
Número de control de estantería 2297-F-24
Encuadernación Olim P-902
Holdings
Estatus retirado Estado de pérdida Estado de daño No para préstamo Colección Biblioteca de origen Biblioteca actual Ubicación en estantería Fecha de adquisición Fuente de adquisición Total de préstamos Signatura topográfica completa Código de barras Visto por última vez Precio de reemplazo Tipo de ítem Koha
        Colección de folletos Biblioteca del Ateneo de Madrid Biblioteca del Ateneo de Madrid Depósito folletos 04/05/2011     2297-F-24 1186861 23/02/2023 23/02/2023 Folleto